000 00976nas a2200277 4500
001 BR7803495
003 BR-BrBNA
005 20231205083443.0
007 ta
008 230509b bl.|||p| |||| 00| 00por d
040 _aBR-BrBNA
_bpor
_cBiblioteca Nacional de Agricultura
041 _a(Pt)
072 _aF00; F60
100 1 _aNabinger, C.
100 1 _aBarreto, I.L.
245 1 _aEfeito de metodos de sobre-semeadura e doses de nitrogenio, no estabelecimento de leguminosas tropicais em pastagem de capim pangola (Digitaria decumbens, Stent)
_bParte de tese
650 _aProducao vegetal
650 _aFisiologia vegetal
650 _aCapim pangola
650 _aSemeadura
650 _aNitrogenio
650 _aMelhoramento vegetal
773 0 _tAnuario Tecnico do Instituto de Pesquisas Zootecnicas Francisco Osorio (Brazil)
_xISSN 0100-2546
_g(Dec 1978), v. 5(2) p. 941-1022
_wBR7803495
909 _a202311
_bLúcia
_c55
_dLúcia Elande
942 _2AGRIS
_n0
_cANA
999 _c98873
_d98873